| 000 -LEADER |
| fixed length control field |
01347cam a2200349 i 4500 |
| 001 - CONTROL NUMBER |
| control field |
b0889531 |
| 003 - CONTROL NUMBER IDENTIFIER |
| control field |
OSt |
| 005 - DATE AND TIME OF LATEST TRANSACTION |
| control field |
20241106122518.0 |
| 008 - FIXED-LENGTH DATA ELEMENTS--GENERAL INFORMATION |
| fixed length control field |
240624t20202018mnuab c 000 1 eng d |
| 020 ## - INTERNATIONAL STANDARD BOOK NUMBER |
| International Standard Book Number |
9781474940658 |
| Qualifying information |
(paperback) : |
| 040 ## - CATALOGING SOURCE |
| Original cataloging agency |
JJ |
| Language of cataloging |
eng |
| Transcribing agency |
TAE |
| Modifying agency |
TAE |
| -- |
KH8 |
| Description conventions |
rda |
| 042 ## - AUTHENTICATION CODE |
| Authentication code |
nbic |
| 082 0# - DEWEY DECIMAL CLASSIFICATION NUMBER |
| Classification number |
823.92 BUN |
| 100 1# - MAIN ENTRY--PERSONAL NAME |
| Personal name |
Bunzl, Peter, |
| Relator term |
author. |
| 245 10 - TITLE STATEMENT |
| Title |
Skycircus / |
| Statement of responsibility, etc. |
Peter Bunzl. |
| 264 #1 - PRODUCTION, PUBLICATION, DISTRIBUTION, MANUFACTURE, AND COPYRIGHT NOTICE |
| Place of production, publication, distribution, manufacture |
Mendota Heights, MN : |
| Name of producer, publisher, distributor, manufacturer |
Jolly Fish Press, |
| Date of production, publication, distribution, manufacture, or copyright notice |
2020. |
| 264 #4 - PRODUCTION, PUBLICATION, DISTRIBUTION, MANUFACTURE, AND COPYRIGHT NOTICE |
| Date of production, publication, distribution, manufacture, or copyright notice |
©2018. |
| 300 ## - PHYSICAL DESCRIPTION |
| Extent |
420 pages : |
| Other physical details |
illustrations, map ; |
| Dimensions |
21 cm. |
| 336 ## - CONTENT TYPE |
| Content type term |
text |
| Content type code |
txt |
| Source |
rdacontent. |
| 336 ## - CONTENT TYPE |
| Content type term |
still image |
| Content type code |
sti |
| Source |
rdacontent. |
| 337 ## - MEDIA TYPE |
| Media type term |
unmediated |
| Media type code |
n |
| Source |
rdamedia. |
| 338 ## - CARRIER TYPE |
| Carrier type term |
volume |
| Carrier type code |
nc |
| Source |
rdacarrier. |
| 490 1# - SERIES STATEMENT |
| Series statement |
A cogheart adventures ; |
| Volume/sequential designation |
3. |
| 500 ## - GENERAL NOTE |
| General note |
First published in the UK in 2018 by Usborne Publishing Ltd. |
| 520 ## - SUMMARY, ETC. |
| Summary, etc. |
When a traveling skycircus arrives in town, Lily and Robert can't wait to step aboard. But something sinister lurks there. And before Lily and Robert can do anything, they're captured and whisked off in the mysterious flying circus to somewhere far, far away. |
| 521 1# - TARGET AUDIENCE NOTE |
| Target audience note |
Ages 9 and up. |
| 650 #0 - SUBJECT ADDED ENTRY--TOPICAL TERM |
| Topical term or geographic name entry element |
Circus |
| Form subdivision |
Juvenile fiction. |
| 650 #0 - SUBJECT ADDED ENTRY--TOPICAL TERM |
| Topical term or geographic name entry element |
Secrecy |
| Form subdivision |
Juvenile fiction. |
| 650 #0 - SUBJECT ADDED ENTRY--TOPICAL TERM |
| Topical term or geographic name entry element |
Steampunk culture |
| Form subdivision |
Juvenile fiction. |
| 800 1# - SERIES ADDED ENTRY--PERSONAL NAME |
| Personal name |
Bunzl, Peter. |
| Title of a work |
Cogheart trilogy ; |
| Volume/sequential designation |
3. |
| 942 ## - ADDED ENTRY ELEMENTS (KOHA) |
| Source of classification or shelving scheme |
|
| Koha item type |
Books - Fiction |